|
|
|
|
| LEADER |
01154nam a2200205 a 4500 |
| 001 |
00004409 |
| 008 |
120314s1989 bg 000 0 ben d |
| 040 |
|
|
|a BD-DhAAL
|c BD-DhAAL
|
| 082 |
0 |
0 |
|a 340.59095492
|2 22
|
| 100 |
1 |
|
|a রহমান,মোহাম্মদ মজিবর.
|
| 245 |
1 |
0 |
|a মুসলিম ও পারিবারিক আইন পরিচিতি /
|c মোহাম্মদ মজিবর রহমান.
|
| 260 |
|
|
|a নেত্রকোনা,বাংলাদেশ :
|b বাদশা পাবলিশার্স,
|c ১৯৮৯
|
| 300 |
|
|
|a ৩১৯ পৃ. ;
|c ২২ সে.মি.
|
| 541 |
1 |
|
|e 00004409
|
| 650 |
|
0 |
|a Islamic law
|z Bangladesh
|
| 650 |
|
0 |
|a Muslims
|x Legal status, laws, etc
|
| 852 |
1 |
|
|a Ayesha Abed Library
|j General shelf
|
| 999 |
|
|
|c 11952
|d 11952
|
| 952 |
|
|
|0 0
|1 0
|2 ddc
|4 0
|6 340_590954920000000_RAH
|7 0
|9 19628
|a BRACUL
|b BRACUL
|c GEN
|d 2012-03-14
|g 200.00
|l 12
|m 89
|o 340.59095492 RAH
|p 3010004409
|r 2025-10-29
|s 2025-10-15
|t 1
|w 2012-03-14
|y BK
|
| 952 |
|
|
|0 0
|1 0
|2 ddc
|4 0
|6 340_590954920000000_RAH
|7 0
|9 58418
|a SCL
|b SCL
|c GEN
|d 2016-03-18
|g 275.00
|l 1
|m 2
|o 340.59095492 RAH
|p 3020001219
|r 2025-12-22
|s 2025-11-15
|t 2
|w 2016-03-18
|y BK
|